000
00313nam a2200157Ia 4500
100
_a
Laxman/R.K
650
_a
Fiction
942
_c
BK
366
_f
17.5
245
_a
A vote for laughter
260
_b
Penquin books
_c
2003
082
_a
808.83/LAX
_b
LAX
300
_a
202
546
_a
ENGLISH
999
_c
31206
_d
31206